| 000 | 01222nam a2200253 a 4500 | ||
|---|---|---|---|
| 001 | 000020542 | ||
| 003 | OSt | ||
| 005 | 20201102143018.0 | ||
| 008 | 110401s1967 dr 000 0 spa d | ||
| 040 |
_aDO-SdBNP _bspa _cBNPHU |
||
| 082 |
_a346.729307 _bR426c, 1967 |
||
| 110 | 1 |
_aRepública Dominicana. _9447 |
|
| 240 | 1 | 0 | _aCódigo de Comercio (1884) |
| 245 | 1 | 0 |
_aCódigo de comercio de la República Dominicana : _barreglado por la comisión nombrada por el Poder Ejecutivo y conforme al decreto del Congreso Nacional de fecha 4 de julio de 1882, conservando el orden de los artículos del texto francés vigente en la República desde el año de 1845 y leyes complementarias y conexas / _cedición Francisco A. Hernández; revisada y puesta al día por Hernán Cruz Ayala. |
| 260 |
_aSanto Domingo : _bJulio D. Postigo e hijos, _c1967. |
||
| 300 |
_a367 p. ; _c23 cm. |
||
| 500 | _aIncluye referencias bibliográficas y notas al pie de las páginas | ||
| 590 | _aInventariado, 2019/YL | ||
| 650 | 4 |
_aDerecho comercial _zRepública Dominicana _914449 |
|
| 650 | 4 |
_aLeyes _zRepública Dominicana _93033 |
|
| 700 | 1 |
_aHernández, Francisco A., _eed. _919647 |
|
| 700 | 1 |
_aCruz Ayala, Hernán _943266 |
|
| 942 |
_2ddc _cLBS1 |
||
| 999 |
_c20046 _d20046 |
||